000
00328nam a2200133Ia 4500
008
210210b1973 xxu||||| |||| 00| 0 eng d
082
_a
824 LADM
100
_a
LADY BIRD BOOK SERIES
245
_a
Michael Faraday.
260
_a
England
_b
Wills & Hepworth Ltd.
_c
1973
300
_a
50
690
_a
English Prose
906
_a
037788
999
_c
87998
_d
87998